LEADER 02423nam 2200457 n 450 001 996386240703316 005 20200824120502.0 035 $a(CKB)1000000000608783 035 $a(EEBO)2240946180 035 $a(UnM)99849219e 035 $a(UnM)99849219 035 $a(EXLCZ)991000000000608783 100 $a19920128d1633 uy | 101 0 $aeng 135 $aurbn||||a|bb| 200 14$aThe secrets of physick and philosophy$b[electronic resource] $edivided into two bookes: in the first is shewed the true and perfect order to distill, or draw forth the oyles of all manner of gummes, spices, seedes, roots, and hearbs, with their perfect taste, smell and vertues. In the second is shewed the true and perfect order to prepare, calcine, sublime, and dissolue all manner of minerals, and how ye shall draw forth their oyles and salts, which are most wonderfull in their operations, for the health of mans bodie. First written in the German tongue by the most learned Theophrastus Paraselsus, and now published in the English tongue, by Iohn Hester, practitioner in the art of distillation 210 $aLondon $cPrinted by A[ugustine] M[athewes] for William Lugger, and are to bee sold at the Posterne Gate at Tower Hill$d1633 215 $a[24], 196, [16] p 300 $aNot in fact by Paracelsus. 300 $aAn enlarged edition of: The true and perfect order to distill oyles out of al maner of spices. 300 $a"Secrets of phisicke and philosophie. The second booke ..", an adaptation of "Een constich distillierboeck" by Philippus Hermanni, has separate dated title page; register and pagination are continuous. 300 $aPrinter's name from STC. 300 $aThe first leaf is blank. 300 $aWith a final colophon leaf. 300 $aReproduction of the original in the British Library. 330 $aeebo-0018 606 $aMedicine$vEarly works to 1800 606 $aMedicine$xFormulae, receipts, prescriptions$vEarly works to 1800 615 0$aMedicine 615 0$aMedicine$xFormulae, receipts, prescriptions 701 $aHermanni$b Philippus$0879693 701 $aHester$b John$fd. 1593.$01001926 702 $aParacelsus$f1493-1541, 801 0$bCu-RivES 801 1$bCu-RivES 801 2$bCStRLIN 801 2$bWaOLN 906 $aBOOK 912 $a996386240703316 996 $aThe secrets of physick and philosophy$92388122 997 $aUNISA LEADER 02251nam0 22004453i 450 001 PAL0140803 005 20251003044306.0 010 $a8815057986 010 $a9788815057983$bPbk. 100 $a19970924d1988 ||||0itac50 ba 101 | $aita$ceng 102 $ait 181 1$6z01$ai $bxxxe 182 1$6z01$an 183 1$6z01$anc$2RDAcarrier 200 1 $aˆL'‰industrializzazione in Europa nell'800$fTom Kemp 205 $aNuova ed 210 $aBologna$cIl Mulino$d1988 215 $a279 p.$d22 cm 225 | $aˆLe ‰vie della civiltà 300 $aTrad. di Carlo Vitali e Gianfranco Ceccarelli. 410 0$1001CFI0025045$12001 $aˆLe ‰vie della civiltà 500 10$aIndustrialization in Nineteenth Century Europe.$3CFI0133357$9CFIV081518$913188 606 $aEuropa$xIndustrializzazione$xSec. 19.$2FIR$3CFIC047845$9I 676 $a330.94028$9SITUAZIONI E CONDIZIONI ECONOMICHE. EUROPA. 1815-1914$v21 676 $a338.094$9PRODUZIONE. Europa$v19 676 $a338.094$9PRODUZIONE. Europa$v21 676 $a338.9$9Produzione. Sviluppo e crescita economica$v14 676 $a338.94$9SVILUPPO ECONOMICO E POLITICHE DI SVILUPPO. Europa$v20 700 1$aKemp$b, Tom$3CFIV081518$4070$0123496 801 3$aIT$bIT-000000$c19970924 850 $aIT-BN0095 $aIT-NA0070 $aIT-AV0045 901 $bNAP MV$cE $nDEPOSITO LIBRARIO RELIGIONE SALA E 901 $bNAP BU$c6 B $nPropedeutica. Formato cm. 20,1-28. 901 $bNAP 01$cPOZZO LIB.$nVi sono collocati fondi di economia, periodici di ingegneria e scienze, periodici di economia e statistica e altri fondi comprendenti documenti di economia pervenuti in dono. 912 $aPAL0140803 950 0$aBiblioteca Centralizzata di Ateneo$c1 v. in due copie$d 01POZZO LIB.ECON MON 1396$e 0101 0000204745E VMA 1 v. (Precedente collocazione: DASES B 1657)$fB $h20091218$i20091218$c1 v. in due copie$d 01POZZO LIB.ECON MON 1396$e 0101 0700264695E VMA (bis 1 v. (2. copia; Precedente collocazione 26 EC 469)$fB $h20220801$i20220801 977 $a 01$a BU$a MV 996 $aIndustrialization in nineteenth century Europe$913188 997 $aUNISANNIO